[Event "Santa Margalida Mallorca-ch"]
[Site "Santa Margalida"]
[Date "2016.12.02"]
[Round "7"]
[White "Matas Artigues, Josep"]
[Black "Fullana Oliver, Antoni"]
[Result "1-0"]
[WhiteElo "1731"]
[BlackElo "1601"]
[PlyCount "93"]
[EventDate "2016.11.11"]
[EventType "swiss"]
[EventRounds "8"]
[EventCountry "ESP"]
[SourceTitle "EXT 2018"]
[Source "ChessBase"]
[SourceDate "2017.10.13"]
[SourceVersion "1"]
[SourceVersionDate "2017.10.13"]
[SourceQuality "1"]

1. Nf3 Nf6 2. g3 g6 3. Bg2 Bg7 4. d4 d6 5. c4 Nbd7 6. Nc3 0-0 7. 0-0 Re8 8. e4 e5 9. d5 a5 10. a4 Nc5 11. Qc2 Bd7 12. Re1 Rc8 13. Be3 Ng4 14. Bxc5 dxc5 15. h3 Nh6 16. Qd2 f6 17. Rad1 Nf7 18. Kh2 Bh6 19. Qe2 Nd6 20. b3 Qe7 21. h4 Bg4 22. Bh3 Bxh3 23. Kxh3 Qd7+ 24. Kg2 Qg4 25. Qd3 Re7 26. Nh2 Qd7 27. Qf3 Rf8 28. h5 f5 29. hxg6 hxg6 30. exf5 Rxf5 31. Qg4 Kg7 32. Ne4 b6 33. Re2 Ref7 34. Nxd6 cxd6 35. Qe4 Qe7 36. Ng4 Qg5 37. Rh1 Rf4 38. gxf4 Rxf4 39. Qxf4 Qxf4 40. Nxh6 e4 41. Re3 g5 42. Rhe1 Kxh6 43. Rxe4 Qf8 44. Rh1+ Kg6 45. Re6+ Kf5 46. Rhh6 Kf4 47. Rhf6+ 1-0

[Event "Santa Margalida Mallorca-ch"]
[Site "Santa Margalida"]
[Date "2016.11.26"]
[Round "6"]
[White "Fullana Oliver, Antoni"]
[Black "Garcia Moll, Gabriel"]
[Result "1-0"]
[WhiteElo "1601"]
[BlackElo "1096"]
[PlyCount "67"]
[EventDate "2016.11.11"]
[EventType "swiss"]
[EventRounds "8"]
[EventCountry "ESP"]
[SourceTitle "EXT 2018"]
[Source "ChessBase"]
[SourceDate "2017.10.13"]
[SourceVersion "1"]
[SourceVersionDate "2017.10.13"]
[SourceQuality "1"]

1. d4 d5 2. g3 Nf6 3. f3 Bf5 4. Bg2 e6 5. Nh3 Bd6 6. Nf2 Nc6 7. c3 Na5 8. Nd2 c5 9. e4 Bg6 10. e5 Bc7 11. exf6 Qxf6 12. dxc5 0-0 13. 0-0 Rac8 14. Ng4 Qe7 15. b4 Nc6 16. Nb3 Rcd8 17. Nd4 e5 18. Nxc6 bxc6 19. Bb2 Rfe8 20. Re1 f5 21. Nxe5 Bxe5 22. f4 Qf6 23. fxe5 Rxe5 24. Rxe5 Qxe5 25. Qe1 Qf6 26. Qe3 Re8 27. Qd2 Bh5 28. Re1 Rd8 29. Qd4 Qg5 30. Qf4 Qf6 31. Kf2 g5 32. Qe5 Qf7 33. c4 dxc4 34. Qh8# 1-0

[Event "Santa Margalida Mallorca-ch"]
[Site "Santa Margalida"]
[Date "2016.11.19"]
[Round "4"]
[White "Fullana Oliver, Antoni"]
[Black "Barranco Tejedor, Alejandro"]
[Result "1-0"]
[WhiteElo "1601"]
[BlackElo "1292"]
[PlyCount "77"]
[EventDate "2016.11.11"]
[EventType "swiss"]
[EventRounds "8"]
[EventCountry "ESP"]
[SourceTitle "EXT 2018"]
[Source "ChessBase"]
[SourceDate "2017.10.13"]
[SourceVersion "1"]
[SourceVersionDate "2017.10.13"]
[SourceQuality "1"]

1. d4 d5 2. g3 Nc6 3. Bg2 f5 4. Nh3 e6 5. 0-0 Nf6 6. f3 Be7 7. Re1 0-0 8. Bf4 Bd6 9. c3 e5 10. dxe5 Bxe5 11. Bxe5 Nxe5 12. f4 Nc4 13. Nd2 Ne3 14. Qb3 Nxg2 15. Kxg2 h6 16. Nf2 Re8 17. Rad1 c6 18. e4 b5 19. e5 Ng4 20. Nxg4 fxg4 21. Qb4 Qe7 22. Qxe7 Rxe7 23. Nb3 a5 24. Nc5 Kf7 25. Rd4 Raa7 26. a4 bxa4 27. Rxa4 Bf5 28. Rea1 Be4+ 29. Kf2 g5 30. Rxa5 Rxa5 31. Rxa5 Kg6 32. Ra6 Rc7 33. Ke3 Kf5 34. b4 h5 35. b5 d4+ 36. Kxd4 Bf3 37. b6 Rc8 38. b7 Rb8 39. Ra8 1-0

[Event "Balears-ch Amateurs"]
[Site "Palma de Mallorca"]
[Date "2016.03.28"]
[Round "6"]
[White "Fullana Oliver, Antoni"]
[Black "Alemany Ramon, Angel"]
[Result "1-0"]
[WhiteElo "1746"]
[BlackElo "1380"]
[PlyCount "53"]
[EventDate "2016.03.24"]
[EventType "swiss"]
[EventRounds "6"]
[EventCountry "ESP"]
[SourceTitle "CBM 171 Extra"]
[Source "ChessBase"]
[SourceDate "2016.04.26"]
[SourceVersion "1"]
[SourceVersionDate "2016.04.26"]
[SourceQuality "1"]

1. d4 Nf6 2. g3 g6 3. Bg2 Bg7 4. c3 d6 5. e4 Nbd7 6. Nh3 0-0 7. 0-0 e5 8. f3 c6 9. Be3 Qc7 10. Qd2 Nb6 11. b3 Nbd7 12. Nf2 Re8 13. Na3 a6 14. Nc2 b5 15. Bh6 Bh8 16. Rad1 Re6 17. Bh3 Re8 18. Ng4 Nxg4 19. Bxg4 Nf6 20. Bxc8 Raxc8 21. Ne3 c5 22. d5 Qd7 23. Nf5 Nh5 24. Qg5 Bf6 25. Qg4 Bg7 26. Bxg7 Nxg7 27. Nh6+ 1-0

[Event "Balears-ch Amateurs"]
[Site "Palma de Mallorca"]
[Date "2016.03.27"]
[Round "5"]
[White "Pons Aguilera, Andres"]
[Black "Fullana Oliver, Antoni"]
[Result "1-0"]
[WhiteElo "1756"]
[BlackElo "1746"]
[PlyCount "81"]
[EventDate "2016.03.24"]
[EventType "swiss"]
[EventRounds "6"]
[EventCountry "ESP"]
[SourceTitle "CBM 171 Extra"]
[Source "ChessBase"]
[SourceDate "2016.04.26"]
[SourceVersion "1"]
[SourceVersionDate "2016.04.26"]
[SourceQuality "1"]

1. d4 Nf6 2. Nf3 d6 3. Bf4 g6 4. e3 Bg7 5. Bd3 0-0 6. Nbd2 c6 7. c3 a5 8. a4 Nbd7 9. h4 b6 10. Qe2 Bb7 11. Bg3 Qc8 12. Bc2 Ba6 13. c4 Nd5 14. h5 Nb4 15. Bb1 c5 16. hxg6 fxg6 17. Ng5 Nf6 18. Nxh7 Nxh7 19. Rxh7 Qe6 20. d5 Qf7 21. Qg4 Kxh7 22. Qh5+ Kg8 23. Bxg6 Qxg6 24. Qxg6 Rf6 25. Qe4 Kf7 26. Bh4 Rh6 27. Qxe7+ Kg8 28. 0-0-0 Nd3+ 29. Kc2 Ne5 30. b3 Rf8 31. Rf1 Rh7 32. g3 Rh6 33. Ne4 Ng4 34. Nxd6 Nxe3+ 35. Qxe3 Rxd6 36. Qe7 Rg6 37. f4 Bf6 38. Bxf6 Rgxf6 39. Rh1 R8f7 40. Qe8+ Rf8 41. Qh5 1-0

[Event "Balears-ch Amateurs"]
[Site "Palma de Mallorca"]
[Date "2016.03.26"]
[Round "3"]
[White "Trillo Figueroa Vidal, Antonio"]
[Black "Fullana Oliver, Antoni"]
[Result "1-0"]
[WhiteElo "1770"]
[BlackElo "1746"]
[PlyCount "120"]
[EventDate "2016.03.24"]
[EventType "swiss"]
[EventRounds "6"]
[EventCountry "ESP"]
[SourceTitle "CBM 171 Extra"]
[Source "ChessBase"]
[SourceDate "2016.04.26"]
[SourceVersion "1"]
[SourceVersionDate "2016.04.26"]
[SourceQuality "1"]

1. e4 c5 2. d4 cxd4 3. c3 d6 4. cxd4 Nf6 5. Nc3 g6 6. Nf3 Bg7 7. Bc4 e6 8. 0-0 Qc7 9. Bb3 0-0 10. Bf4 Nh5 11. Be3 a6 12. Rc1 Qd7 13. Na4 Qd8 14. d5 e5 15. Rxc8 Qxc8 16. Nb6 Qd8 17. Nxa8 Nd7 18. Qc2 Qxa8 19. Qc7 Ndf6 20. Nd2 Rd8 21. f3 Rd7 22. Qb6 Qd8 23. Qb4 Ne8 24. Nc4 b5 25. Na5 Nc7 26. Nc6 Qf6 27. g3 Bf8 28. Qd2 Qh8 29. Rc1 Nf6 30. Nb8 Rd8 31. Rxc7 Rxb8 32. Ra7 h5 33. Bg5 Ne8 34. Rxa6 f6 35. Be3 f5 36. h4 f4 37. gxf4 Qf6 38. f5 Qxh4 39. Bf2 Qf6 40. Qe1 gxf5 41. Bh4 Qg6+ 42. Qg3 Qxg3+ 43. Bxg3 fxe4 44. fxe4 Nf6 45. Bc2 Rc8 46. Rc6 Ra8 47. a3 Ra4 48. Bxa4 bxa4 49. Rc4 Bh6 50. Rxa4 Bc1 51. Rb4 Kg7 52. a4 Kg6 53. Bh4 Be3+ 54. Kg2 Bd4 55. Bxf6 Kxf6 56. a5 Kg6 57. Kf3 h4 58. Rb8 h3 59. b3 h2 60. Rh8 Bg1 1-0